The oceans and marine geochemistry
Αποθηκεύτηκε σε:
| Άλλοι συγγραφείς: | |
|---|---|
| Μορφή: | Βιβλίο |
| Γλώσσα: | English |
| Δημοσίευση: |
Amsterdam :
Elsevier Pergamon,
2006
|
| Σειρά: | Treatise on geochemistry ;
; 6 |
| Θέματα: | |
| Ετικέτες: |
Προσθήκη ετικέτας
Δεν υπάρχουν, Καταχωρήστε ετικέτα πρώτοι!
|
MARC
| LEADER | 00000nam a2200000 i 4500 | ||
|---|---|---|---|
| 001 | 1/76158 | ||
| 008 | 080227s2006 eng d | ||
| 020 | |a 978-0-08-045101-5 | ||
| 020 | |a 0-08-045101-2 | ||
| 035 | |l 10095105 | ||
| 040 | |a GR-MY-UA |b gre |e aacr | ||
| 041 | 0 | |a eng | |
| 082 | 0 | |a 551.46 |2 (22) | |
| 245 | 1 | 4 | |a The oceans and marine geochemistry / |c edited by H. Elderfield ; executive editors H. D. Holland and K. K. Turekian |
| 260 | |a Amsterdam : |b Elsevier Pergamon, |c 2006 | ||
| 300 | |a xvii, 646 σ.; |b εικ. (μερ. έγχρ.); |c 28 εκ. | ||
| 490 | 1 | |a Treatise on geochemistry |v ; 6 | |
| 504 | |a Περιέχει βιβλιογραφικές παραπομπές και ευρετήριο | ||
| 650 | 0 | 0 | |a Chemical oceanography. |
| 650 | 0 | 0 | |a Geochemistry. |
| 700 | 1 | |a Elderfield, Harry |d 1943- |4 edt | |
| 830 | 0 | |a Treatise on geochemistry ; |v ; 6 | |
| 852 | |a INST |b LESVOS |e 20080227 |h 551.46 OCE |p 005100040089 |q 005100040089 |t BK |y 0 | ||
| 901 | |a BIBL1-2008-1 | ||
| 909 | |a Λ |b 143316 | ||
| 922 | |a 1ΕΛΗ |b 200712 |c ΕΠΕΑΕΚ2/ΤΕΘ |d ΠΑΠΑΣΩΤΗΡΙΟΥ | ||
| 970 | |a ΚΑΡΑ |b ΓΙΑΣΕΜΗ |z 2008/02/27 | ||